| 000 | 00742nam a2200205Ii 4500 | ||
|---|---|---|---|
| 003 | JO-AjNU | ||
| 008 | 230605s9999||||xx |||||||||||||| ||und|| | ||
| 040 |
_aJO-AjNU _bara _erda _cJO-AjNU |
||
| 041 | _aara | ||
| 050 | 1 | 4 | _aBP188.5.B23 1997 |
| 100 | 3 |
_aالباعلوي، كعب بن أحمد زكي بن عبد الله المسلي, _eauthor _940856 |
|
| 245 | 0 | 0 | _aهداية الأحبة في بيان علم أهل التصوف أولي العرفان والمحبة |
| 250 | _aط2 | ||
| 264 | 3 | 1 | _aد.م: د.ن، 1997 |
| 300 | _a62ص | ||
| 336 |
_atext _btxt _2rdacontent |
||
| 337 |
_aunmediated _bn _2rdamedia |
||
| 338 |
_avolume _bnc _2rdacarrier |
||
| 650 | 4 |
_aالتصوف الاسلامي- الوعظ والارشاد _940857 |
|
| 999 |
_aA17372 _c20940 _d20940 |
||